Pátranie so Sherlockom Holmesom

Bibliographic Details
Main Author: Gálik, Zoltán (Author)
Format: Article
Language:Slovak
PhysicalDescription:Fotogr., obr.
ISSN:0231-6463
Subjects:

MARC

LEADER 00000nab a2200000 a 4500
001 vtls008885435
003 SK-MaSNL
005 20260304180110.0
008 140417c2006 xo mr|p|||| |000 b|slo
015 |a SNBRB2006/11 
038 |a SPK 
040 |a SPKCL  |b slo  |c AACR2  |e AACR2 
041 0 |a slo 
044 |a xo  |c SK 
072 7 |a 37  |x Výchova a vzdelávanie  |2 konspekt 
072 7 |a 004.7  |x Počítačové siete  |2 konspekt 
080 |a 371.3  |2 1997 
080 |a 004.738.5  |2 1997 
100 1 |a Gálik, Zoltán  |4 aut  |9 790635 
245 1 0 |a Pátranie so Sherlockom Holmesom  |c Zoltán Gálik 
300 |b Fotogr., obr. 
610 2 7 |a Sherlock Holmes (projekt)  |2 snkbucl  |9 1509253 
650 0 7 |a didaktické využitie počítača  |2 snkbucl  |9 71311 
650 0 7 |a informačné technológie  |2 snkbucl  |9 1527 
650 0 7 |a internet  |2 snkbucl  |9 1833 
650 0 7 |a súťaženie  |2 snkbucl  |9 49780 
650 0 7 |a výchovné pôsobenie  |2 snkbucl  |9 404139 
773 0 |t Rodina a škola  |g Roč. 54, č. 9 (2006), s. 2  |x 0231-6463 
852 |a SPK  |b KIS3GCP 
999 |c 3016514  |d 3018444